000 00299nam a22001337a 4500
020 _a0-7496-2033-1
082 _a823
_bELD/G
100 _aELDIN, PETER
245 _aGRUESOME GRUB
_bFOUL FACTS
260 _aLONDON
_bWATTS BOOKS
_c1995
300 _a91
650 _aNOVEL
_zUNITED KINGDOM
942 _cBK
999 _c3154
_d3154